00898nac a22002291u 4500010001600000020001700016020001600033082002300049090001500072100003400087245009400121250001200215260006000227300003300287500006200320504004600382650002600428651004700454942002600501999001500527952012600542 a 90117624 a0333600878 : a033360085 : a330.91724 20bT446 c4493d4493 aThirlwall, A. P. 10aGrowth and development, with special reference to developing economies /cA.P. Thirlwall. a5th ed. aHoundmills, Basingstoke, Hampshire :bMacmillan,c1994. axv, 441 p. :bill. ;c25 cm. a Previous ed.: Basingstoke : Macmillan Educational, 1989. aBibliography: p413-427.and Includes index 0aEconomic development. 0aDeveloping countriesxEconomic conditions. cBBk330.91724 20 T446 c4493d4493 00104070aMAINbMAINc1STd2009-09-07ePurchasel3m11o330.9172420 THIp000005324r2025-07-15 00:00:00s2018-09-23yBB